Statistiques concernant Fleuves et rivières de France par image

Cliquez ici pour prendre le quiz!

Statistiques générales

  • Ce quiz a été pris 147 fois
  • Le résultat moyen est 8 sur 15

Statistiques - réponses

Réponse% Correct
Loire
86%
Garonne
75%
Cher
69%
Rhône
69%
Isère
65%
Ardèche
64%
Tarn
60%
Somme
59%
Verdon
53%
Dordogne
52%
Seine
52%
Lot
50%
Saône
47%
Durance
26%
Couesnon
19%

Distribution des résultats

Percentile par nombre de réponses

% des personnes avec chaque résultat

Votre développement - résultats

Vous n’avez pas pris ce quiz